La determinación cuantitativa, en la orina, del arsénico procedente del Salvarsán (Record no. 171706)

MARC details
000 -LEADER
campo de control de longitud fija 00595nam a2200169 i 4500
001 - NÚMERO DE CONTROL
campo de control 171706
003 - IDENTIFICADOR DE NÚMERO DE CONTROL
campo de control ES-MaACL
005 - FECHA Y HORA DE LA ÚLTIMA TRANSACCIÓN
campo de control 20230906214714.0
008 - DATOS DE LONGITUD FIJA--INFORMACIÓN GENERAL
campo de control de longitud fija 090526s1912 sp |||| | spa d
100 1# - ENTRADA PRINCIPAL--NOMBRE DE PERSONA
Nombre de persona Soler y Batlle, Enrique.
9 (RLIN) 107198
245 13 - MENCIÓN DEL TÍTULO
Título La determinación cuantitativa, en la orina, del arsénico procedente del Salvarsán
Resto del título : tesis doctoral /
Mención de responsabilidad, etc. Enrique Soler y Batlle.
260 ## - PUBLICACIÓN, DISTRIBUCIÓN, ETC.
Lugar de publicación, distribución, etc. Barcelona :
Nombre del editor, distribuidor, etc. [s.n.],
Fecha de publicación, distribución, etc. 1912 (
Fabricante Imp.Vda. de F. Badia)
300 ## - DESCRIPCIÓN FÍSICA
Extensión 32 p. ;
Dimensiones 24 cm.
650 #4 - PUNTO DE ACCESO ADICIONAL DE MATERIA--TÉRMINO DE MATERIA
Término de materia o nombre geográfico como elemento de entrada Arsfenamina.
9 (RLIN) 159225
650 04 - PUNTO DE ACCESO ADICIONAL DE MATERIA--TÉRMINO DE MATERIA
Término de materia o nombre geográfico como elemento de entrada Orina-
Subdivisión general Análisis.
9 (RLIN) 15774
852 ## - LOCALIZACIÓN
Ubicación ES-MaACL
Número de control de estantería T-1316-F-5
Holdings
Estatus retirado Estado de pérdida Estado de daño No para préstamo Colección Biblioteca de origen Biblioteca actual Ubicación en estantería Fecha de adquisición Fuente de adquisición Total de préstamos Signatura topográfica completa Código de barras Visto por última vez Precio de reemplazo Tipo de ítem Koha
        Colección de folletos Biblioteca del Ateneo de Madrid Biblioteca del Ateneo de Madrid Depósito folletos 26/05/2009     T-1316-F-5 1180191 23/02/2023 23/02/2023 Folleto